| 000 | 00789nam a22002417a 4500 | ||
|---|---|---|---|
| 003 | UA-OsUOA | ||
| 001 | 75173 | ||
| 007 | ta | ||
| 008 | 20110510b un ||||| |||| 00| 0 ukr d | ||
| 100 | _aГандапас Р. | ||
| 090 |
_a65.012.63 _bГ19 |
||
| 942 | _cBK | ||
| 040 |
_aUA-OsUOA _brus _cUA-OsUOA _dUA-OsUOA |
||
| 245 | _a101 совет по проведению корпоративной конференции | ||
| 300 | _a52 с. | ||
| 955 | _a2 | ||
| 041 | _arus | ||
| 080 | _a65.012.63 | ||
| 020 | _a978-5-9614-1254-3 | ||
| 260 |
_aМ. _bАльпина Паблишерс _c2010 |
||
| 650 | 7 |
_a65 Управління підприємствами. Організація виробництва, торговлі та засоби зв'язку _2UDC |
|
| 999 |
_c361460 _d361460 |
||